Digital signal processing : principles, algorithms and applications (Record no. 184403)
[ view plain ]
| 000 -LEADER | |
|---|---|
| fixed length control field | 00515nam a2200169Ia 4500 |
| 005 - DATE AND TIME OF LATEST TRANSACTION | |
| control field | 20250319114548.0 |
| 008 - FIXED-LENGTH DATA ELEMENTS--GENERAL INFORMATION | |
| fixed length control field | 231217s9999 xx 000 0 und d |
| 020 ## - INTERNATIONAL STANDARD BOOK NUMBER | |
| International Standard Book Number | 9788131710005 |
| 082 ## - DEWEY DECIMAL CLASSIFICATION NUMBER | |
| Classification number | 621.38481 PRO;56 |
| 100 ## - MAIN ENTRY--PERSONAL NAME | |
| Personal name | Proakis, John G. Manolakis, Dimitris G. |
| 245 #0 - TITLE STATEMENT | |
| Title | Digital signal processing : principles, algorithms and applications |
| 250 ## - EDITION STATEMENT | |
| Edition statement | 4th ed. |
| 260 ## - PUBLICATION, DISTRIBUTION, ETC. (IMPRINT) | |
| Date of publication, distribution, etc. | 2007 |
| Name of publisher, distributor, etc. | Dorling Kindersley (India) |
| Place of publication, distribution, etc. | Delhi |
| 300 ## - PHYSICAL DESCRIPTION | |
| Extent | xix, 1136 |
| 650 ## - SUBJECT ADDED ENTRY--TOPICAL TERM | |
| Topical term or geographic name as entry element | Digital,processing,principles, |
| 942 ## - ADDED ENTRY ELEMENTS (KOHA) | |
| Koha item type | Books |
| Date last seen | Total Checkouts | Full call number | Accession number | Old discount | Checked out | Date checked out | Uniform Resource Identifier | Cost, replacement price | Price effective from | Category | Lost status | Damaged status | Department | Withdrawn status | bill no. | bill date | Permanent Location | Current Location | Shelving location | Entry date | Vendor | Cost, normal purchase price | Grants | Currency symbol | Conversion rate | Discount | Discount type |
|---|---|---|---|---|---|---|---|---|---|---|---|---|---|---|---|---|---|---|---|---|---|---|---|---|---|---|---|
| 02/04/2024 | 1 | 621.38481 PRO;56 | 56761 | 20 | 20/07/2016 | 02/04/2024 | digital/content/49918.pdf | 316.00 | 26/01/2024 | Books | Central Library | BA/2009/CR/0003571 | 01/07/2013 | Central Library | Central Library | Central Library | 21/10/2009 | Allied publ. | 395.00 | TC | RS | 1 | 79 | Rupees | |||
| 26/01/2024 | 621.38481 PRO;57 | 56762 | 20 | digital/content/49918.pdf | 316.00 | 26/01/2024 | Books | TC | BA/2009/CR/0003571 | 01/07/2013 | Central Library | Central Library | TC | 21/10/2009 | Allied publ. | 395.00 | TC | RS | 1 | 79 | Rupees |
